Lucky Seven Crossword V Quiz Stats

 Plays Quiz Updated Apr 28, 2018

Challenge
Share
Tweet
Score 0/64 Timer 03:00
6 Plays Today
% Correct
MILLION       
97.1%
M 
97.1%
I 
97.1%
L 
97.1%
L 
97.1%
I 
97.1%
O 
97.1%
N 
97.1%
BARKING       
96%
B 
96%
A 
96%
R 
96%
K 
96%
I 
96%
N 
96%
G 
96%
RETREAT       

94.2%
R 
94.2%
E 
94.2%
T 
94.2%
R 
94.2%
E 
94.2%
A 
94.2%
T 
94.2%
IMITATE                                             
93%
I 
93%
M 
93%
I 
93%
T 
93%
A 
93%
T 
93%
E 
93%
% Correct
NEGLECT                                             
91.3%
N 
91.3%
E 
91.3%
G 
91.3%
L 
91.3%
E 
91.3%
C 
91.3%
T 
91.3%
MOBSTER       

90.2%
M 
90.2%
O 
90.2%
B 
90.2%
S 
90.2%
T 
90.2%
E 
90.2%
R 
90.2%
LARGEST                                            
87.9%
L 
87.9%
A 
87.9%
R 
87.9%
G 
87.9%
E 
87.9%
S 
87.9%
T 
87.9%
TEENAGE       

76.5%
T 
76.5%
E 
76.5%
E 
76.5%
N 
76.5%
A 
76.5%
G 
76.5%
E 
76.5%

You're not logged in!

Compare scores with friends on all Sporcle quizzes.
OR
Log In

You Might Also Like...

Show Comments

Extras

Top Quizzes Today


Score Distribution

Your Account Isn't Verified!

In order to create a playlist on Sporcle, you need to verify the email address you used during registration. Go to your Sporcle Settings to finish the process.

Report this User

Report this user for behavior that violates our Community Guidelines.

Details: